Normal view
MARC view
- Zafar, Madeeha
Entry Personal Name
001 - CONTROL NUMBER
- control field: 16540
003 - CONTROL NUMBER IDENTIFIER
- control field: NUST
005 - DATE AND TIME OF LATEST TRANSACTION
- control field: 20190703093100.0
008 - FIXED-LENGTH DATA ELEMENTS
- fixed length control field: 190703|| aca||aabn | a|a d
040 ## - CATALOGING SOURCE
- Original cataloging agency: NUST
- Transcribing agency: NUST
100 ## - HEADING--PERSONAL NAME
- Personal name: Zafar, Madeeha
670 ## - SOURCE DATA FOUND
- Source citation: Work cat.: (NUST): Zafar, Madeeha, Classification of MRCP using Hybrid Features and Methods Classifier /, 2015.
